000
00248nam a2200097Ia 4500
082
_a
658.4093
245
0
_a
Time management
100
_a
BIRD, Polly London, 2003 New ed
_9
94566
942
_c
BK
008
210817s9999 xx 000 0 und d
999
_c
387408
_d
387407